000 00589nam a22001577a 4500
003 OSt
005 20150914105131.0
008 150914b xxu||||| |||| 00| 0 eng d
040 _cRUA
082 _aAGR HOE 2000 B022 Or.1
100 _9445
_aHOEU, SOKUN.
245 _aពន្ឋុភាពនៃតំនពូជលើពេលវេលាចេញផ្កា និង កំពស់ដើមរបស់ស្រូវ (genetic heritability in the timing of flowering and plant height in rice)
260 _aPhnom Penh
_bRUA
_c2000
300 _a58p.
_bill.
_c29cm.
942 _2ddc
_cAGR
999 _c423
_d423